000 01182cam a2200337 a 4500
001 9309650
005 20220326193308.0
008 120210s2011 it a c 000 0deng d
020 _a9788857212111 :
_c50.00 EUR
035 _a(OCoLC)781902863
035 _a(OCoLC)ocn781902863
035 _a(ItFiC)it 1143094X
035 _a(NNC)9309650
040 _aItFiC
_cItFiC
041 0 _aeng
_aita
_arus
043 _ae-ur---
082 _a708
_bST796I
110 _aSkira, Luciano Bennetton Collection
_91859
245 0 0 _aLooking Eastward :
_bcontemporary artists from Russia, Ukraine, Moldavia, Armenia and Uzbekistan.
_cSkira, Luciano Bennetton Collection
260 _aMilano :
_bSkira,
_c2011.
300 _a504 p. :
_bill. (chiefly col.) ;
_c21 cm.
546 _aText in English, Italian, and Russian.
650 0 _aArt
_zFormer Soviet republics
_vCatalogs.
_91860
650 0 _aArt, East European
_y21st century
_vCatalogs.
_91861
710 _aSkira, Luciano Bennetton Collection
_91862
856 4 2 _uhttp://www.columbia.edu/cgi-bin/cul/resolve?clio9309650
_3TOC
910 _aSupplied on B.O.
948 1 _a20120314
_bc
_crhg9
_dOSMC
990 _b50.00 EUR
999 _c391
_d391